000 00283nam a22001097a 4500
008 170124b xxu||||| |||| 00| 0 eng d
020 _a0897744640
041 _aeng
080 _a618.2
245 _aCORE COLLECTION IN NURSING ANDTHE ALLIED HEALTH SCIENCES
_cPERETZ, A
942 _2udc
_cBK
999 _c3493
_d3493